|
|
|
|
| LEADER |
00000cam a2200000 i 4500 |
| 001 |
1/29145 |
| 008 |
060510s2004 gr | ||| |||| ||gre|| |
| 020 |
|
|
|a 9605353644
|
| 035 |
|
|
|l 10083827
|
| 040 |
|
|
|a GR-MY-UA
|b gre
|e aacr
|
| 041 |
0 |
|
|a gre
|a eng
|
| 082 |
0 |
|
|a 423.89
|2 (22)
|
| 245 |
1 |
0 |
|a ΑγγλοΕλληνικό Λεξικό Φυτράκη /
|c Διεύθυνση σύνταξης: Αλίκη Λαμπέα
|
| 260 |
|
|
|a Αθήνα :
|b Φυτράκης,
|c c2004
|
| 300 |
|
|
|a xvii, 965 σ.;
|c 24 εκ.
|
| 650 |
0 |
0 |
|a English language
|x Dictionaries
|x Greek, Modern.
|
| 700 |
1 |
|
|a Λαμπέα, Αλίκη.
|4 edt
|
| 852 |
|
|
|a INST
|b SYROS
|e 20060510
|h 423.89 ΑΓΓ
|p 005500004848
|q 005500004848
|t REF
|y 23
|
| 852 |
|
|
|a INST
|b SYROS
|e 20060510
|h 423.89 ΑΓΓ
|p 005500004849
|q 005500004849
|t REF
|y 23
|
| 901 |
|
|
|a BIBL5-2006-2
|
| 970 |
|
|
|a ΚΟΝΤΟΥ
|b ΠΑΡΑΣΚΕΥΗ
|z 2006/05/
|